000 00437nam a2200181Ia 4500
003 GCL
008 140319s9999 xx 000 0 eng d
040 _aGCL /
_cGCL
082 0 4 _a823
_bL S
100 1 _aLYALL, GAVIN
245 1 0 _aSHOOTING SCRIPT /
_cLYALL, GAVIN
260 _a[S.N] :
_bPAN BOOKS ،
_c1979
300 _a234 P
650 0 4 _aENGLISH LITERATURE
650 0 4 _aENGLISH FICTION
650 0 4 _aNOVELS
942 _2ddc
_cBK
999 _c14981
_d14981